00294cam a22000977a 4500008004000000082002200040245005800062260003700120300001100157700002800168180718b1961 xxu||||| |||| 00| 0 eng d aA2:C0x54 In2/Sa69 aThe sapru correspondence: a check list (first series) aCalcuttabNational Libraryc1961 a394+p. aIndia. National Library